[Event "Schachfestival Basel"]
[Site "Basel"]
[Date "2018.01.06"]
[Round "7.22"]
[White "Terraz, Christian"]
[Black "Beck, Michael"]
[Result "1-0"]
[WhiteElo "2075"]
[BlackElo "2084"]
[PlyCount "79"]
[EventDate "2018.01.??"]
[EventType "swiss"]
[EventRounds "9"]
[EventCountry "SUI"]
[SourceDate "2018.01.02"]

1. d4 Nf6 2. Nf3 g6 3. c4 Bg7 4. Nc3 O-O 5. Bg5 d6 6. e3 c5 7. Be2 Nc6 8. d5
Na5 9. Nd2 a6 10. Rb1 Bd7 11. e4 Rb8 12. a3 Qc7 13. Rc1 b6 14. O-O Rfc8 15. b4
Nb7 16. Nb3 cxb4 17. axb4 a5 18. b5 Nc5 19. Nxc5 Qxc5 20. Be3 Qc7 21. f4 Ne8
22. Qe1 Rb7 23. Na4 Nf6 24. Bf3 Bg4 25. e5 dxe5 26. d6 exd6 27. Bxb7 Qxb7 28.
fxe5 dxe5 29. Nxb6 Re8 30. c5 Qe4 31. Rc4 Qd3 32. Qc3 Be2 33. Rc1 e4 34. Bd4
Qxc3 35. R4xc3 Bxb5 36. c6 Nd5 37. Bxg7 Nxb6 38. Bd4 Nd5 39. Rc5 Nc7 40. Be5
1-0

[Event "Schachfestival Basel"]
[Site "Basel"]
[Date "2018.01.06"]
[Round "7.23"]
[White "Nyffenegger, Michael"]
[Black "Weber, Dominik"]
[Result "0-1"]
[WhiteElo "2035"]
[BlackElo "2043"]
[PlyCount "56"]
[EventDate "2018.01.??"]
[EventType "swiss"]
[EventRounds "9"]
[EventCountry "SUI"]
[SourceDate "2018.01.02"]

1. d4 c6 2. c4 g6 3. Nf3 Bg7 4. g3 d6 5. Bg2 Bg4 6. h3 Bd7 7. O-O Nf6 8. Nc3
Na6 9. e4 O-O 10. Re1 Ne8 11. Bg5 h6 12. Be3 e5 13. Qd2 Kh7 14. dxe5 dxe5 15.
Rad1 Nb8 16. Bc5 Rg8 17. Re3 Qc7 18. Rd3 Be6 19. b3 Na6 20. Ba3 Bf6 21. Ne2 g5
22. h4 Qc8 23. Kh2 g4 24. Bc1 Bg7 25. Nxe5 Nc5 26. Rd8 Qxd8 27. Nd4 Qf6 28.
Nxe6 Qxe6 0-1

[Event "Schachfestival Basel"]
[Site "Basel"]
[Date "2018.01.06"]
[Round "7.24"]
[White "Ananya, Rishi Gupta"]
[Black "Wirz, Heinz"]
[Result "1-0"]
[WhiteElo "1945"]
[BlackElo "2103"]
[PlyCount "59"]
[EventDate "2018.01.??"]
[EventType "swiss"]
[EventRounds "9"]
[EventCountry "SUI"]
[SourceDate "2018.01.02"]

1. e4 e6 2. d4 d5 3. Nd2 Nf6 4. e5 Nfd7 5. Bd3 c5 6. c3 Nc6 7. Ne2 cxd4 8. cxd4
f6 9. exf6 Nxf6 10. Nf3 Bd6 11. O-O O-O 12. Bf4 Bxf4 13. Nxf4 Ne4 14. Qc1 Qf6
15. Nh5 Qf7 16. Ng3 Nxg3 17. hxg3 Qf6 18. Qe3 Bd7 19. Rfe1 Rfe8 20. Rac1 Rac8
21. Ne5 Nxe5 22. dxe5 Qe7 23. Qxa7 Qb4 24. b3 Ra8 25. Qe3 Rxa2 26. Rc7 Rd8 27.
Rec1 Ra3 28. Rxd7 Rxd7 29. Rc8+ Qf8 30. Bxh7+ 1-0

[Event "Schachfestival Basel"]
[Site "Basel"]
[Date "2018.01.06"]
[Round "8.1"]
[White "Chatalbashev, Boris"]
[Black "Akshat, Kamparia"]
[Result "1-0"]
[WhiteElo "2570"]
[BlackElo "2381"]
[PlyCount "73"]
[EventDate "2018.01.??"]
[EventType "swiss"]
[EventRounds "9"]
[EventCountry "SUI"]
[SourceDate "2018.01.02"]

1. d4 Nf6 2. c4 e6 3. Nc3 Bb4 4. Nf3 Nc6 5. Qc2 d6 6. a3 Bxc3+ 7. Qxc3 O-O 8.
e3 a5 9. Be2 a4 10. O-O Qe7 11. Qc2 e5 12. d5 Nb8 13. Nd2 Bd7 14. Nb1 Na6 15.
Nc3 Nc5 16. Bd2 c6 17. Rad1 cxd5 18. cxd5 Rfc8 19. Be1 e4 20. Rd4 Qe5 21. f4
exf3 22. Rxf3 Bg4 23. Bg3 Qe7 24. Rxf6 Bxe2 25. Rxd6 Qxe3+ 26. Bf2 Qe5 27. Rb6
Bh5 28. d6 Bg6 29. Qd1 Ne6 30. Rb5 Qf6 31. Nd5 Qd8 32. Rd2 Rcb8 33. Ne7+ Kh8
34. Nxg6+ hxg6 35. d7 b6 36. Qf3 Ra7 37. Qxf7 1-0

[Event "Schachfestival Basel"]
[Site "Basel"]
[Date "2018.01.06"]
[Round "8.2"]
[White "Heimann, Andreas"]
[Black "Firat, Burak"]
[Result "1/2-1/2"]
[WhiteElo "2576"]
[BlackElo "2453"]
[PlyCount "51"]
[EventDate "2018.01.??"]
[EventType "swiss"]
[EventRounds "9"]
[EventCountry "SUI"]
[SourceDate "2018.01.02"]

1. e4 e6 2. d4 d5 3. Nc3 Bb4 4. e5 c5 5. a3 Bxc3+ 6. bxc3 Qc7 7. Qg4 f6 8. Nf3
c4 9. Be2 Nc6 10. Qg3 Qf7 11. O-O Nge7 12. exf6 gxf6 13. Nh4 e5 14. dxe5 Rg8
15. Qf4 Nxe5 16. Re1 Bg4 17. f3 Bd7 18. Bf1 N7g6 19. Nxg6 Qxg6 20. Be3 Qf5 21.
Qxf5 Bxf5 22. Bd4 O-O-O 23. Bxe5 fxe5 24. Rxe5 Bxc2 25. Ra2 Ba4 26. Rd2 1/2-1/2

[Event "Schachfestival Basel"]
[Site "Basel"]
[Date "2018.01.06"]
[Round "8.3"]
[White "Faibisovich, Vadim Z"]
[Black "Milov, Vadim"]
[Result "0-1"]
[WhiteElo "2325"]
[BlackElo "2589"]
[PlyCount "102"]
[EventDate "2018.01.??"]
[EventType "swiss"]
[EventRounds "9"]
[EventCountry "SUI"]
[SourceDate "2018.01.02"]

1. d4 Nf6 2. Nf3 g6 3. g3 Bg7 4. Bg2 O-O 5. O-O d6 6. Nc3 Nc6 7. e4 Bg4 8. h3
Bxf3 9. Bxf3 e5 10. d5 Ne7 11. Bg2 Nd7 12. Ne2 f5 13. f3 Nf6 14. Be3 c5 15. c4
a6 16. a4 Rb8 17. Qd3 Qd7 18. g4 b5 19. axb5 axb5 20. b3 h5 21. g5 Nh7 22. h4
fxe4 23. Qxe4 bxc4 24. bxc4 Rb4 25. Rfb1 Rfb8 26. Nc3 Nf8 27. Rxb4 cxb4 28. Nb5
Nf5 29. Bh3 b3 30. Rb1 Qf7 31. Bf2 Nd7 32. Rxb3 Rc8 33. Ra3 Nc5 34. Bxc5 Rxc5
35. Ra7 Qf8 36. Rc7 Rxc7 37. Nxc7 Qb8 38. Nb5 Qb6+ 39. Kg2 Ne3+ 40. Kh2 Kh7 41.
Be6 Qc5 42. Nxd6 Qa3 43. Bh3 Qb2+ 44. Kg3 Qc1 45. Kh2 Qd2+ 46. Kg1 Qe1+ 47. Kh2
Bf8 48. Ne8 Qf2+ 49. Kh1 Nf1 50. Nf6+ Kh8 51. Bxf1 Bc5 0-1

[Event "Schachfestival Basel"]
[Site "Basel"]
[Date "2018.01.06"]
[Round "8.4"]
[White "Kerigan, Demre"]
[Black "Meijers, Viesturs"]
[Result "0-1"]
[WhiteElo "2340"]
[BlackElo "2477"]
[PlyCount "84"]
[EventDate "2018.01.??"]
[EventType "swiss"]
[EventRounds "9"]
[EventCountry "SUI"]
[SourceDate "2018.01.02"]

1. e4 c5 2. Nf3 b6 3. d4 cxd4 4. Nxd4 Bb7 5. Nc3 a6 6. Bg5 d6 7. Qd2 h6 8. Be3
Nf6 9. f3 Nbd7 10. Nf5 Rc8 11. O-O-O b5 12. Kb1 Qc7 13. Be2 g6 14. Nxh6 b4 15.
Nd5 Nxd5 16. exd5 Nf6 17. Ng4 Nxd5 18. Bd4 e5 19. Rhe1 Bg7 20. Bf2 O-O 21. Ne3
Bh6 22. Nxd5 Bxd2 23. Nxc7 Bxe1 24. Bxe1 Rxc7 25. Bxb4 Rfc8 26. c4 d5 27. Bd6
Rd7 28. c5 f6 29. b4 Kf7 30. a4 Ke6 31. Kb2 f5 32. b5 axb5 33. Bxb5 Rxd6 34.
cxd6 Kxd6 35. Kb3 d4 36. Rd2 g5 37. Kb4 Kd5 38. Ka5 e4 39. Bd7 e3 40. Re2 Rc5+
41. Kb6 Bc8 42. Bb5 f4 0-1

[Event "Schachfestival Basel"]
[Site "Basel"]
[Date "2018.01.06"]
[Round "8.5"]
[White "Karthik, Venkataraman"]
[Black "Beukema, Jasper"]
[Result "1-0"]
[WhiteElo "2476"]
[BlackElo "2249"]
[PlyCount "81"]
[EventDate "2018.01.??"]
[EventType "swiss"]
[EventRounds "9"]
[EventCountry "SUI"]
[SourceDate "2018.01.02"]

1. e4 c6 2. Nc3 d5 3. Nf3 dxe4 4. Nxe4 Nf6 5. Qe2 Nxe4 6. Qxe4 Nd7 7. Bc4 Nf6
8. Qe2 Bf5 9. d4 e6 10. h3 Be7 11. c3 Qc7 12. Ne5 a6 13. Bf4 Bd6 14. g4 Be4 15.
Rg1 Bd5 16. Bd3 b5 17. a4 Rb8 18. axb5 axb5 19. h4 Ng8 20. g5 g6 21. h5 Ne7 22.
f3 Kf8 23. Qh2 Kg8 24. Rh1 Bxf3 25. hxg6 fxg6 26. Rf1 Bd5 27. Ng4 Bxf4 28. Rxf4
Nf5 29. Nh6+ Nxh6 30. Rf8+ Rxf8 31. Qxc7 Nf7 32. Qe7 h6 33. Bxg6 e5 34. dxe5
hxg5 35. O-O-O Rh6 36. Bf5 Ra8 37. e6 Ra1+ 38. Kd2 Rh2+ 39. Ke3 Rxd1 40. Qxf7+
Kh8 41. Qf8# 1-0

[Event "Schachfestival Basel"]
[Site "Basel"]
[Date "2018.01.06"]
[Round "8.6"]
[White "Beukema, Stefan"]
[Black "Harff, Marcel"]
[Result "1/2-1/2"]
[WhiteElo "2403"]
[BlackElo "2375"]
[PlyCount "131"]
[EventDate "2018.01.??"]
[EventType "swiss"]
[EventRounds "9"]
[EventCountry "SUI"]
[SourceDate "2018.01.02"]

1. e4 e6 2. d4 d5 3. Nc3 dxe4 4. Nxe4 Nd7 5. Nf3 Ngf6 6. Bd3 Nxe4 7. Bxe4 Nf6
8. Bg5 Be7 9. Bxf6 Bxf6 10. Qd3 Qd6 11. Ne5 Bxe5 12. dxe5 Qxd3 13. cxd3 Bd7 14.
Rc1 O-O-O 15. Kd2 f5 16. exf6 gxf6 17. f4 Rhg8 18. Rhe1 Bb5 19. Rc3 Rd6 20.
Rec1 Rg7 21. g4 Kb8 22. Rc5 a6 23. h3 Be8 24. g5 f5 25. Bf3 Bb5 26. R1c3 Rgd7
27. Be2 b6 28. Re5 Kc8 29. h4 Kd8 30. h5 c5 31. b3 Ke7 32. a4 Bc6 33. a5 Bd5
34. axb6 Rxb6 35. Rxc5 Rxb3 36. Ra5 Rb6 37. h6 Bc6 38. Ke3 Bb5 39. Ra3 Rc6 40.
Bf3 Rcd6 41. Rc5 Rxd3+ 42. Rxd3 Rxd3+ 43. Kf2 Be8 44. Be2 Rd4 45. Kg3 Bg6 46.
Bxa6 Kd6 47. Rb5 Ra4 48. Rb6+ Ke7 49. Bc8 Re4 50. Bb7 Re1 51. Bf3 Re3 52. Rb7+
Kf8 53. Kf2 Ra3 54. Bd1 Rd3 55. Bb3 Rd4 56. Kf3 Rd3+ 57. Ke2 Rd4 58. Kf3 Rd3+
59. Kg2 Rd2+ 60. Kg1 Rd4 61. Bxe6 Rxf4 62. Rg7 Rg4+ 63. Kf2 Rxg5 64. Bg8 Rh5
65. Bxh7 Rxh6 66. Rxg6 1/2-1/2

[Event "Schachfestival Basel"]
[Site "Basel"]
[Date "2018.01.06"]
[Round "8.7"]
[White "Woellermann, Jan"]
[Black "Hamblok, Roel"]
[Result "0-1"]
[WhiteElo "2392"]
[BlackElo "2292"]
[PlyCount "70"]
[EventDate "2018.01.??"]
[EventType "swiss"]
[EventRounds "9"]
[EventCountry "SUI"]
[SourceDate "2018.01.02"]

1. d4 Nf6 2. c4 c5 3. d5 e5 4. Nc3 d6 5. e4 Be7 6. h3 Nbd7 7. Nf3 a6 8. Bd3 Nf8
9. Be3 Ng6 10. Qc2 Bd7 11. a3 h6 12. g3 Qc8 13. h4 Bg4 14. Nd2 Nh5 15. Ne2 Bd7
16. O-O-O b5 17. f4 Nxg3 18. f5 Nxe2+ 19. Bxe2 Nf4 20. Bxf4 exf4 21. Rdf1 Bf6
22. Rxf4 Qd8 23. Rff1 Qa5 24. Kb1 Rb8 25. Rh3 b4 26. axb4 Rxb4 27. e5 Bxe5 28.
Re3 O-O 29. Rxe5 dxe5 30. f6 Rfb8 31. b3 g6 32. Rg1 Bf5 33. Qxf5 Rxb3+ 34. Nxb3
Rxb3+ 35. Kc1 Qc3+ 0-1

[Event "Schachfestival Basel"]
[Site "Basel"]
[Date "2018.01.06"]
[Round "8.8"]
[White "Paul, Johannes"]
[Black "Maerevoet, Sim"]
[Result "1/2-1/2"]
[WhiteElo "2331"]
[BlackElo "2270"]
[PlyCount "106"]
[EventDate "2018.01.??"]
[EventType "swiss"]
[EventRounds "9"]
[EventCountry "SUI"]
[SourceDate "2018.01.02"]

1. d4 d5 2. c4 c6 3. Nf3 Nf6 4. e3 Bf5 5. Nc3 e6 6. Nh4 Be4 7. f3 Bg6 8. g3 Be7
9. Be2 dxc4 10. Bxc4 b5 11. Bb3 a6 12. e4 c5 13. Be3 cxd4 14. Bxd4 Nc6 15. Be3
Na5 16. Qxd8+ Bxd8 17. Ke2 Nd7 18. Rhc1 O-O 19. Nxg6 hxg6 20. Rd1 Ne5 21. f4
Nec4 22. Bc1 Bb6 23. Bc2 Nc6 24. Bd3 Nd4+ 25. Kf1 Rac8 26. Ne2 Rfd8 27. b3 Na5
28. Be3 Ba7 29. Nxd4 Bxd4 30. Bxd4 Rxd4 31. Ke2 Kf8 32. Rac1 Rdd8 33. Ke3 Ke7
34. e5 Nc6 35. a3 g5 36. b4 gxf4+ 37. gxf4 Na7 38. Rg1 g6 39. Be4 Rh8 40. Rxc8
Rxc8 41. Rg3 Rc7 42. Kd4 Rc4+ 43. Kd3 a5 44. Rh3 axb4 45. axb4 Rxb4 46. Rh7 Kf8
47. Ke3 Ra4 48. Rh8+ Kg7 49. Rb8 Ra6 50. Kf3 Ra3+ 51. Kg4 Ra4 52. Bf3 b4 53. h4
Kh6 1/2-1/2

[Event "Schachfestival Basel"]
[Site "Basel"]
[Date "2018.01.06"]
[Round "8.9"]
[White "Roseneck, Jonas"]
[Black "Aeschbach, Philipp"]
[Result "1-0"]
[WhiteElo "2279"]
[BlackElo "2304"]
[PlyCount "57"]
[EventDate "2018.01.??"]
[EventType "swiss"]
[EventRounds "9"]
[EventCountry "SUI"]
[SourceDate "2018.01.02"]

1. e4 e5 2. Nf3 Nc6 3. Bb5 Nf6 4. O-O Bc5 5. Re1 O-O 6. c3 d6 7. h3 Bd7 8. d4
Bb6 9. a4 a6 10. Bc4 h6 11. Be3 exd4 12. cxd4 Nxe4 13. d5 Na5 14. Bf1 Bxe3 15.
Rxe3 Nc5 16. b4 Nab3 17. Ra3 Bxa4 18. bxc5 Nxc5 19. Rxa4 Nxa4 20. Qxa4 Re8 21.
Rb3 b5 22. Qf4 Qd7 23. Nbd2 c6 24. dxc6 Qxc6 25. Nd4 Qd5 26. Rg3 Re5 27. Qxh6
g6 28. N2f3 Re4 29. Bd3 1-0

[Event "Schachfestival Basel"]
[Site "Basel"]
[Date "2018.01.06"]
[Round "8.10"]
[White "Wenner, Tobias"]
[Black "Meier, Volker"]
[Result "1/2-1/2"]
[WhiteElo "2145"]
[BlackElo "2284"]
[PlyCount "29"]
[EventDate "2018.01.??"]
[EventType "swiss"]
[EventRounds "9"]
[EventCountry "SUI"]
[SourceDate "2018.01.02"]

1. Nf3 Nf6 2. g3 b6 3. Bg2 Bb7 4. O-O c5 5. c4 g6 6. Nc3 Bg7 7. b3 O-O 8. Bb2
d6 9. d4 Ne4 10. Nxe4 Bxe4 11. Qd2 cxd4 12. Bxd4 Nd7 13. Bxg7 Kxg7 14. Qd4+ Nf6
15. Rfd1 1/2-1/2

[Event "Schachfestival Basel"]
[Site "Basel"]
[Date "2018.01.06"]
[Round "8.11"]
[White "Heinemann, Josefine"]
[Black "Kappeler, Kaspar"]
[Result "1/2-1/2"]
[WhiteElo "2270"]
[BlackElo "2280"]
[PlyCount "57"]
[EventDate "2018.01.??"]
[EventType "swiss"]
[EventRounds "9"]
[EventCountry "SUI"]
[SourceDate "2018.01.02"]

1. e4 c5 2. Nf3 Nc6 3. d4 cxd4 4. Nxd4 Nf6 5. Nc3 e5 6. Ndb5 d6 7. Bg5 a6 8.
Na3 b5 9. Bxf6 gxf6 10. Nd5 Bg7 11. c3 f5 12. exf5 Bxf5 13. Nc2 Be6 14. Nce3
Ne7 15. g3 Nxd5 16. Nxd5 O-O 17. Bg2 Rb8 18. O-O a5 19. Qd2 f5 20. Rad1 Kh8 21.
Rfe1 Qd7 22. a3 Qf7 23. Qe2 Rfc8 24. Qd2 e4 25. f3 exf3 26. Bxf3 Be5 27. Nf4
Bc4 28. Bd5 Qg7 29. Qe3 1/2-1/2

[Event "Schachfestival Basel"]
[Site "Basel"]
[Date "2018.01.06"]
[Round "8.12"]
[White "Lee, Qing Aun"]
[Black "Parnali, S Dharia"]
[Result "1/2-1/2"]
[WhiteElo "2277"]
[BlackElo "2082"]
[PlyCount "50"]
[EventDate "2018.01.??"]
[EventType "swiss"]
[EventRounds "9"]
[EventCountry "SUI"]
[SourceDate "2018.01.02"]

1. e4 e5 2. Nf3 Nc6 3. Bc4 Nf6 4. d3 Bc5 5. O-O a6 6. c3 d6 7. Nbd2 O-O 8. h3
Be6 9. Re1 Qd7 10. Bb3 Ba7 11. Nf1 Ne7 12. Bg5 Ng6 13. d4 Nh5 14. Bxe6 Qxe6 15.
d5 Qd7 16. Nh4 Nxh4 17. Qxh5 Ng6 18. Ng3 f6 19. Be3 Bxe3 20. fxe3 Ne7 21. Rf1
g6 22. Qe2 f5 23. Qd2 Rf7 24. Rf2 Raf8 25. Raf1 Kg7 1/2-1/2

[Event "Schachfestival Basel"]
[Site "Basel"]
[Date "2018.01.06"]
[Round "8.13"]
[White "Biastoch, Bennet"]
[Black "Schweizer, Simon"]
[Result "0-1"]
[WhiteElo "2234"]
[BlackElo "2159"]
[PlyCount "60"]
[EventDate "2018.01.??"]
[EventType "swiss"]
[EventRounds "9"]
[EventCountry "SUI"]
[SourceDate "2018.01.02"]

1. e4 c5 2. Nf3 d6 3. d4 cxd4 4. Nxd4 Nf6 5. Nc3 g6 6. Be3 Bg7 7. f3 O-O 8. Qd2
Nc6 9. g4 Be6 10. Nxe6 fxe6 11. O-O-O Ne5 12. Be2 a6 13. h4 Qc7 14. Bh6 Bxh6
15. Qxh6 b5 16. h5 Nf7 17. Qe3 g5 18. e5 dxe5 19. Bd3 Rac8 20. h6 Kh8 21. Rd2
Qa5 22. Qe2 Rxc3 23. bxc3 Qa3+ 24. Kd1 Qxc3 25. Ke1 Nd6 26. Rg1 Nd5 27. Be4 Nf4
28. Qd1 Nc4 29. Bd3 Qd4 30. Kf1 Ne3+ 0-1

[Event "Schachfestival Basel"]
[Site "Basel"]
[Date "2018.01.06"]
[Round "8.14"]
[White "Xheladini, Mahmut"]
[Black "Faraone, Ettore"]
[Result "1-0"]
[WhiteElo "2174"]
[BlackElo "2079"]
[PlyCount "79"]
[EventDate "2018.01.??"]
[EventType "swiss"]
[EventRounds "9"]
[EventCountry "SUI"]
[SourceDate "2018.01.02"]

1. e4 c5 2. Nf3 a6 3. a4 d6 4. Nc3 Nc6 5. Bc4 e6 6. O-O Be7 7. d3 Nf6 8. Re1
Qc7 9. Bd2 O-O 10. h3 b6 11. Ba2 Bb7 12. Bf4 Nd7 13. Ne2 b5 14. Bg5 Nf6 15. Bh4
Nb4 16. Bb1 c4 17. Nc3 cxd3 18. cxd3 bxa4 19. Rxa4 a5 20. d4 Bc6 21. Ra1 e5 22.
Bg3 Nd7 23. Qd2 Nb6 24. dxe5 dxe5 25. Bxe5 Qc8 26. Qe2 Qe6 27. Bd4 Nd7 28. Nd5
Bd6 29. Nxb4 Bxb4 30. Rc1 Rae8 31. Rd1 h6 32. Bc3 Qe7 33. Nd4 Ne5 34. Nf5 Qc7
35. Ba2 Bxc3 36. bxc3 Rb8 37. Qe3 Bb5 38. Qg3 g6 39. Rd6 Rfe8 40. Rxg6+ 1-0

[Event "Schachfestival Basel"]
[Site "Basel"]
[Date "2018.01.06"]
[Round "8.15"]
[White "Sadeghi, Hassan Roger"]
[Black "Schaefer, Reyk"]
[Result "1-0"]
[WhiteElo "2089"]
[BlackElo "2162"]
[PlyCount "39"]
[EventDate "2018.01.??"]
[EventType "swiss"]
[EventRounds "9"]
[EventCountry "SUI"]
[SourceDate "2018.01.02"]

1. e4 e5 2. Bc4 Nf6 3. d3 Nc6 4. Nf3 Be7 5. Nc3 d6 6. a3 O-O 7. h3 Kh8 8. Ng5
Kg8 9. Be3 h6 10. Nf3 a6 11. g4 b5 12. Bb3 Bb7 13. Rg1 Na5 14. Ba2 d5 15. g5
hxg5 16. Bxg5 dxe4 17. Nxe5 Nd5 18. Bh6 Bf6 19. Nxe4 Bxe5 20. Bxg7 1-0

[Event "Schachfestival Basel"]
[Site "Basel"]
[Date "2018.01.06"]
[Round "8.16"]
[White "Petermann, Michail"]
[Black "Fischer, Daniel"]
[Result "0-1"]
[WhiteElo "2251"]
[BlackElo "2123"]
[PlyCount "66"]
[EventDate "2018.01.??"]
[EventType "swiss"]
[EventRounds "9"]
[EventCountry "SUI"]
[SourceDate "2018.01.02"]

1. d4 Nf6 2. Bf4 d5 3. e3 e6 4. Nd2 Bd6 5. Bg3 O-O 6. Ngf3 c5 7. c3 Qc7 8. Bd3
Nbd7 9. e4 dxe4 10. Nxe4 Nxe4 11. Bxe4 Nf6 12. Bc2 Rd8 13. Qe2 b6 14. Bh4 Bb7
15. O-O-O Be7 16. Bg3 Bd6 17. Kb1 Rac8 18. Ne5 c4 19. Bh4 Be7 20. Rhg1 b5 21.
g4 Nd5 22. g5 g6 23. Bg3 Qa5 24. Ng4 Ba3 25. Nf6+ Nxf6 26. gxf6 b4 27. Qe3 bxc3
28. Qxc3 Bb4 29. Qe3 c3 30. b3 Bf3 31. Rde1 Rxd4 32. Be5 Rd2 33. Bxg6 Qxa2+ 0-1

[Event "Schachfestival Basel"]
[Site "Basel"]
[Date "2018.01.06"]
[Round "8.17"]
[White "Simon, Ralf Axel"]
[Black "Goldie, Thomas"]
[Result "1-0"]
[WhiteElo "2146"]
[BlackElo "2098"]
[PlyCount "79"]
[EventDate "2018.01.??"]
[EventType "swiss"]
[EventRounds "9"]
[EventCountry "SUI"]
[SourceDate "2018.01.02"]

1. Nf3 Nf6 2. c4 c6 3. Nc3 d5 4. e3 e6 5. d4 Be7 6. Qc2 O-O 7. b3 Nbd7 8. Bd3
c5 9. cxd5 exd5 10. O-O h6 11. Bb2 b6 12. Rac1 Bb7 13. Rfd1 Rc8 14. Qe2 cxd4
15. Nxd4 Nc5 16. Bf5 Ra8 17. g3 g6 18. Bh3 a6 19. Ba1 Kh7 20. Qb2 Rg8 21. b4
Ncd7 22. Nde2 a5 23. Nf4 Ne5 24. Ncxd5 Nf3+ 25. Kh1 Nxd5 26. Nxd5 Bxd5 27. Bg2
Bxb4 28. e4 Qe7 29. exd5 Ba3 30. Qc3 Bxc1 31. d6 Qd7 32. Bxf3 Rac8 33. Qd4 Bg5
34. h4 Bd8 35. Bg4 f5 36. Bf3 Rc5 37. Bd5 Rg7 38. Be6 Qb7+ 39. Kh2 Rc2 40. Kg1
1-0

[Event "Schachfestival Basel"]
[Site "Basel"]
[Date "2018.01.06"]
[Round "8.18"]
[White "Bhend, Edwin"]
[Black "Yakimenko, Alexander A"]
[Result "0-1"]
[WhiteElo "2123"]
[BlackElo "2146"]
[PlyCount "138"]
[EventDate "2018.01.??"]
[EventType "swiss"]
[EventRounds "9"]
[EventCountry "SUI"]
[SourceDate "2018.01.02"]

1. d4 e6 2. Nf3 Nf6 3. e3 c5 4. b3 Nc6 5. Bb2 d5 6. Bd3 Qc7 7. a3 a6 8. Nbd2
Bd6 9. c4 cxd4 10. exd4 O-O 11. O-O Rd8 12. Qe2 Bf4 13. Rfd1 Bd7 14. Nf1 Na5
15. N3d2 Bh6 16. c5 g6 17. b4 Nc6 18. Nb3 Nh5 19. g3 f5 20. Nfd2 Nf6 21. Nf1
Ne4 22. f3 Nf6 23. Bc3 Re8 24. f4 Ne4 25. Bxe4 dxe4 26. a4 Ne7 27. b5 Nd5 28.
Bd2 Reb8 29. Ne3 Qd8 30. b6 Nxe3 31. Bxe3 Bc6 32. Na5 Bd5 33. Rdc1 Qd7 34. Nc4
Rc8 35. Ne5 Qe8 36. a5 Bg7 37. Ra3 Bc6 38. Qa2 Rd8 39. Qf2 Rd5 40. h4 h6 41.
Ra2 Kh7 42. Rd2 Rad8 43. Rcc2 Bf6 44. g4 fxg4 45. Nxg4 Qe7 46. Ne5 Bxe5 47.
dxe5 Rd3 48. Qg3 Qf7 49. Qh3 R8d7 50. Kf2 R7d5 51. Ke1 Qf5 52. Qg3 R5d4 53. Qf2
Ra4 54. Ra2 Rxa2 55. Rxa2 Qh3 56. Re2 Qh1+ 57. Qg1 Qxh4+ 58. Qf2 Qh1+ 59. Qg1
Qh3 60. Bf2 Ra3 61. Re3 Ra1+ 62. Kd2 Ra2+ 63. Kc3 Qf5 64. Qg3 Rxa5 65. Kb2 Rxc5
66. Qh4 g5 67. fxg5 Qxe5+ 68. Kb1 Rb5+ 69. Kc1 Qa1+ 0-1

[Event "Schachfestival Basel"]
[Site "Basel"]
[Date "2018.01.06"]
[Round "8.19"]
[White "Schwander, Lukas"]
[Black "Terraz, Christian"]
[Result "1/2-1/2"]
[WhiteElo "2135"]
[BlackElo "2075"]
[PlyCount "84"]
[EventDate "2018.01.??"]
[EventType "swiss"]
[EventRounds "9"]
[EventCountry "SUI"]
[SourceDate "2018.01.02"]

1. c4 Nf6 2. Nc3 g6 3. e4 d6 4. d4 Bg7 5. Be2 c5 6. Nf3 cxd4 7. Nxd4 O-O 8. O-O
Nc6 9. Be3 Nxd4 10. Bxd4 Bd7 11. h3 Bc6 12. Qc2 a5 13. Rad1 Nd7 14. Bxg7 Kxg7
15. Bg4 Ne5 16. c5 Nxg4 17. hxg4 Qc8 18. cxd6 Qxg4 19. dxe7 Rfe8 20. Nd5 Bxd5
21. Rxd5 Rxe7 22. f3 Qf4 23. Qc3+ Qf6 24. Qxf6+ Kxf6 25. Rc1 Re6 26. Rc7 Rb6
27. Rd2 a4 28. f4 Re8 29. Rc4 Ra8 30. Kf2 Ra5 31. Kf3 h5 32. g4 hxg4+ 33. Kxg4
Rab5 34. Rc7 Ke6 35. Rdd7 f5+ 36. exf5+ gxf5+ 37. Kg5 Rxb2 38. Re7+ Kd6 39. Kf6
Rc6 40. Rxb7 a3 41. Ra7 Rxa2 42. Re6+ Kc5 1/2-1/2

[Event "Schachfestival Basel"]
[Site "Basel"]
[Date "2018.01.06"]
[Round "8.20"]
[White "Faldum, Manfred"]
[Black "Dekan, Hans"]
[Result "1/2-1/2"]
[WhiteElo "2065"]
[BlackElo "2138"]
[PlyCount "60"]
[EventDate "2018.01.??"]
[EventType "swiss"]
[EventRounds "9"]
[EventCountry "SUI"]
[SourceDate "2018.01.02"]

1. e4 c5 2. d3 g6 3. g3 Bg7 4. Bg2 Nc6 5. Nf3 d5 6. exd5 Qxd5 7. Nc3 Qe6+ 8.
Ne4 Nf6 9. Nfg5 Qe5 10. O-O Nxe4 11. Nxe4 Bf5 12. c3 Bxe4 13. dxe4 Qc7 14. Be3
b6 15. Qc2 Rd8 16. Rad1 O-O 17. f4 Rxd1 18. Rxd1 Rd8 19. Rd2 Rxd2 20. Qxd2 Qd8
21. Qxd8+ Nxd8 22. Kf2 e5 23. Ke2 Kf8 24. Kd3 Ke7 25. Kc4 Kd6 26. Kb5 Kc7 27.
Ka6 Kb8 28. Kb5 Kc7 29. Ka6 Kb8 30. Kb5 Kc7 1/2-1/2

[Event "Schachfestival Basel"]
[Site "Basel"]
[Date "2018.01.06"]
[Round "8.22"]
[White "Jud, Marc"]
[Black "Haenggi, Markus"]
[Result "0-1"]
[WhiteElo "2022"]
[BlackElo "2065"]
[PlyCount "116"]
[EventDate "2018.01.??"]
[EventType "swiss"]
[EventRounds "9"]
[EventCountry "SUI"]
[SourceDate "2018.01.02"]

1. d4 d5 2. Nf3 c6 3. g3 Bf5 4. Bg2 Nf6 5. O-O Nbd7 6. b3 e6 7. Bb2 Be7 8. Nbd2
Ne4 9. c4 g5 10. Nxe4 Bxe4 11. Nd2 Bxg2 12. Kxg2 Nf6 13. Qc2 h5 14. e4 h4 15.
exd5 cxd5 16. Rh1 h3+ 17. Kf1 dxc4 18. bxc4 O-O 19. Ne4 Nxe4 20. Qxe4 Qb6 21.
Qe2 Bf6 22. c5 Qc6 23. f3 Rfd8 24. Rd1 Qa4 25. Kf2 Bxd4+ 26. Bxd4 Rxd4 27. Rxd4
Qxd4+ 28. Qe3 Rd8 29. Qxd4 Rxd4 30. g4 Rc4 31. Rb1 Rxc5 32. Kg3 Rc3 33. Rxb7
Ra3 34. Rb2 Kg7 35. Rf2 e5 36. Re2 Kf6 37. Kxh3 Rxf3+ 38. Kg2 Ra3 39. Rf2+ Ke6
40. Re2 f6 41. Rc2 Kd5 42. Rf2 Ke6 43. Rc2 e4 44. Rc6+ Ke5 45. Rc5+ Kd4 46. Rc6
Rxa2+ 47. Kg3 Ke5 48. Rc5+ Kd6 49. Rf5 Ke6 50. Rc5 a5 51. Rc6+ Ke5 52. Rc5+ Kd6
53. Rf5 Ke6 54. Rb5 Ra3+ 55. Kf2 a4 56. Ra5 Kd6 57. Ke2 Kc6 58. Rf5 Rf3 0-1

[Event "Schachfestival Basel"]
[Site "Basel"]
[Date "2018.01.06"]
[Round "8.23"]
[White "Beck, Michael"]
[Black "Weber, Dominik"]
[Result "1/2-1/2"]
[WhiteElo "2084"]
[BlackElo "2043"]
[PlyCount "96"]
[EventDate "2018.01.??"]
[EventType "swiss"]
[EventRounds "9"]
[EventCountry "SUI"]
[SourceDate "2018.01.02"]

1. e4 c6 2. d4 g6 3. Nf3 Bg7 4. Be3 d6 5. Nbd2 Bg4 6. h3 Bxf3 7. Qxf3 Nd7 8. c3
e6 9. Bd3 Ne7 10. Nc4 Qc7 11. Qg3 e5 12. O-O d5 13. Nxe5 Nxe5 14. Bf4 f6 15.
exd5 Nxd5 16. dxe5 Nxf4 17. Qxf4 fxe5 18. Qe3 O-O 19. Rad1 b6 20. Rd2 Rad8 21.
Rfd1 Bf6 22. Qg3 Qe7 23. Qg4 Kg7 24. Be4 Rxd2 25. Rxd2 Rd8 26. Rxd8 Qxd8 27.
Bxc6 Qd2 28. Qd7+ Qxd7 29. Bxd7 Kf7 30. Kf1 Ke7 31. Bc6 Kd6 32. Be4 Bg5 33. Ke2
Bc1 34. b3 Kc5 35. Kd3 Bg5 36. g3 Be7 37. h4 a5 38. a3 Bf6 39. Kc2 Kb5 40. c4+
Kc5 41. Kc3 Be7 42. b4+ axb4+ 43. axb4+ Kd6 44. Kb3 Bf8 45. f3 Bh6 46. g4 Be3
47. Ka4 Bf2 48. Kb5 Bd4 1/2-1/2